Tribal movements in Jharkhand, 1857-2007 / (Record no. 68880)
[ view plain ]
| 000 -LEADER | |
|---|---|
| fixed length control field | 01577nam a22003137a 4500 |
| 005 - DATE AND TIME OF LATEST TRANSACTION | |
| control field | 2012080606566.0 |
| 008 - FIXED-LENGTH DATA ELEMENTS--GENERAL INFORMATION | |
| fixed length control field | 120806t xxu||||| |||| 00| 0 eng d |
| 010 ## - LCCN (DPL NO) | |
| LC control number | ENG-105504 |
| 020 ## - INTERNATIONAL STANDARD BOOK NUMBER | |
| International Standard Book Number | 9788180696862 |
| Terms of availability | 500.00 |
| 020 ## - INTERNATIONAL STANDARD BOOK NUMBER | |
| International Standard Book Number | 8180696863 |
| Terms of availability | 500.00 |
| 035 ## - SYSTEM CONTROL NUMBER | |
| System control number | EN-89037 |
| 037 ## - SOURCE OF ACQUISITION | |
| Source of stock number/acquisition | DBAD/PUB |
| 082 ## - DEWEY DECIMAL CLASSIFICATION NUMBER | |
| Classification number | 305.5680954127 |
| 245 00 - TITLE STATEMENT | |
| Title | Tribal movements in Jharkhand, 1857-2007 / |
| Statement of responsibility, etc | edited by Asha Mishra [AND] Chittaranjan Kumar Paty |
| 260 ## - PUBLICATION, DISTRIBUTION, ETC. (IMPRINT) | |
| Place of publication, distribution, etc | New Delhi |
| Name of publisher, distributor, etc | Concept Publishing |
| Date of publication, distribution, etc | 2010. |
| 270 ## - ADDRESS | |
| Address | A/15-16, Commercial Block, Mohan Garden |
| City | New Delhi |
| Postal code | 110059 |
| 300 ## - PHYSICAL DESCRIPTION | |
| Extent | 208 p. |
| Dimensions | 22cm(Hb) |
| 500 ## - GENERAL NOTE | |
| General note | Includes bibliographical references and index. |
| 520 ## - SUMMARY, ETC. | |
| Summary, etc | Contributed articles presented at the National Conference organized by Department of History, Mahila College, Chaibasa on 7-8 March, 2008 sponsored by UGC Eastern Regional Office, Kolkata. |
| 651 #0 - SUBJECT ADDED ENTRY--GEOGRAPHIC NAME | |
| Geographic name | Jharkhand (India) |
| General subdivision | History |
| -- | Autonomy and independence movements |
| Form subdivision | Congresses. |
| 9 (RLIN) | 50781 |
| 651 #0 - SUBJECT ADDED ENTRY--GEOGRAPHIC NAME | |
| Geographic name | Jharkhand (India) |
| General subdivision | Scheduled tribes |
| -- | Politics and government |
| Form subdivision | Congresses. |
| 9 (RLIN) | 50782 |
| 700 1# - ADDED ENTRY--PERSONAL NAME | |
| Personal name | Mishra, Asha. |
| 9 (RLIN) | 50783 |
| 700 1# - ADDED ENTRY--PERSONAL NAME | |
| Personal name | Paty, Chittaranjan Kumar. |
| 9 (RLIN) | 50784 |
| 710 2# - ADDED ENTRY--CORPORATE NAME | |
| Corporate name or jurisdiction name as entry element | Mahila College, Chaibasa. |
| 9 (RLIN) | 50785 |
| 710 1# - ADDED ENTRY--CORPORATE NAME | |
| Corporate name or jurisdiction name as entry element | India. |
| Subordinate unit | University Grants Commission. |
| -- | Eastern Regional Office. |
| 9 (RLIN) | 50786 |
| 942 ## - ADDED ENTRY ELEMENTS (KOHA) | |
| Source of classification or shelving scheme | Dewey Decimal Classification |
| Item type | English Books |
| Classification part | 305.5680954127 |
| Call number suffix | TRI |
| Withdrawn status | Lost status | Source of classification or shelving scheme | Damaged status | Not for loan | Collection code | Home library | Current library | Date acquired | Source of acquisition | Cost, normal purchase price | Total Checkouts | Full call number | Barcode | Date last seen | Copy number | Cost, replacement price | Koha item type |
|---|---|---|---|---|---|---|---|---|---|---|---|---|---|---|---|---|---|
| Dewey Decimal Classification | Not For Loan | Non-fiction | D.B.Act.Division | D.B.Act.Division | 06/08/2012 | DBAD/PUB | 500.00 | 305.5680954127 TRI | EN-89037 | 06/08/2012 | 1 | 500.00 | English Books |
